00833nam a2200253 a 4500001001000000003000900010005001700019008004100036040002500077082002700102245008600129250001200215260003600227300002100263490002600284650004800310651005300358651005000411651002500461651003300486700002200519700002100541700001700562000020639DO-SdBNP20250621074006.0090723s1976 dr r 000 0 spa d aDO-SdBNPbspacBNPHU 4a338.17361bA997p, 197600aAzucar y política en la República Dominicana /cAndrés Corten ... [et al.]. a2a. ed. aSanto Domingo :bTaller,c1976. a234 p. ;c21 cm.0 aBiblioteca Tallerv71 4aIndustria azucarerazRepública Dominicana 4aRepública DominicanaxCondiciones económicas 0aRepública DominicanaxPolítica y gobierno 4aHaítixMigración 4aHaítixCondiciones Rurales1 aVilas, Carlos Ma.1 aAcosta, Mercedes1 aDuarte, Isis